| 000 -LEADER |
| fixed length control field |
00806nam a2200241 4500 |
| 001 - CONTROL NUMBER |
| control field |
22128 |
| 003 - CONTROL NUMBER IDENTIFIER |
| control field |
BD-DhUAP |
| 005 - DATE AND TIME OF LATEST TRANSACTION |
| control field |
20240320121654.0 |
| 008 - FIXED-LENGTH DATA ELEMENTS--GENERAL INFORMATION |
| fixed length control field |
220310s2022 nyu ob 001 0 eng |
| 020 ## - INTERNATIONAL STANDARD BOOK NUMBER |
| International Standard Book Number |
9780230392434 |
| 020 ## - INTERNATIONAL STANDARD BOOK NUMBER |
| International Standard Book Number |
9780230392427 |
| 040 ## - CATALOGING SOURCE |
| Original cataloging agency |
DLC |
| Language of cataloging |
eng |
| Transcribing agency |
BD-DhUAP |
| Description conventions |
BD-DhUAP |
| Modifying agency |
BD-DhUAP |
| 082 00 - DEWEY DECIMAL CLASSIFICATION NUMBER |
| Classification number |
425 BAL |
| Edition number |
23 |
| 100 1# - MAIN ENTRY--PERSONAL NAME |
| Personal name |
Ballard, Kim, |
| Relator term |
author. |
| 245 14 - TITLE STATEMENT |
| Title |
The frameworks of English : |
| Remainder of title |
introducing language structures / |
| Statement of responsibility, etc. |
Kim Ballard. |
| 250 ## - EDITION STATEMENT |
| Edition statement |
3rd edition. |
| 264 #1 - PRODUCTION, PUBLICATION, DISTRIBUTION, MANUFACTURE, AND COPYRIGHT NOTICE |
| Place of production, publication, distribution, manufacture |
New York : |
| Name of producer, publisher, distributor, manufacturer |
Palgrave Macmillan |
| Date of production, publication, distribution, manufacture, or copyright notice |
2022. |
| 300 ## - PHYSICAL DESCRIPTION |
| Extent |
397 p |
| Dimensions |
24 cm |
| 504 ## - BIBLIOGRAPHY, ETC. NOTE |
| Bibliography, etc. note |
Includes bibliographical references and index. |
| 588 ## - SOURCE OF DESCRIPTION NOTE |
| Source of description note |
Description based on print version record and CIP data provided by publisher; resource not viewed. |
| 650 #0 - SUBJECT ADDED ENTRY--TOPICAL TERM |
| Topical term or geographic name entry element |
English language |
| General subdivision |
Grammar. |
| 942 ## - ADDED ENTRY ELEMENTS (KOHA) |
| Source of classification or shelving scheme |
|
| Koha item type |
Book |